LEADER 01042nam a2200241 u 4500 001 000000017194 003 CaOOAMICUS 005 20070226110058.0 008 940805s1957 it u000 u ita u 035 $a10402644 040 $aPUL(R)$bita 110 2 $aCongregatio de Seminariis et Studiorum Universitatibus.$0(OLS)http://pul/name/15515 245 13$aIl latino :$blingua viva nella Chiesa /$cSacra congregazione dei seminari e delle università degli studi. 260 $aRoma :$b[s.n.],$c1957. 300 $a38, [1] p. ;$c21 cm 650 4$aLingua latina.$0(OLS)http://pul/subject/295 850 $aPUL 852 $aPUL$W1$xDP1 Fondo Cecchetti$y53$m276 A 21$j24232$nBK-PRI$b $qFondi$B24232$CPULBib$Z2$F24232 $HPUL7145 $81 910 $aCongregazione per l'educazione cattolica$915515 910 $aCongregazione per l'educazione cattolica$915515 941 1 $a1 996 $6245$aIl latino :$blingua viva nella Chiesa$9(OLS)http://pul/title/24599 996 $6260$aRoma :$b[s.n.]$9(OLS)http://pul/publisher/47958 LEADER 01423nam a2200289 a 4500 001 000000140952 003 CaOOAMICUS 005 20141215142723.0 008 141215s2013 gw u000 u ger r 020 $a978-3-451-02252-4 040 $aPUL$bita 245 00$aAufbruch in die Urbanität :$bTheologische Reflexionen kirchlichen Handelns in der Stadt /$cHrsg. von Michael Sievernich und Knut Wenzel unter konzeptioneller Mitarbeit von Ottmar John. 260 $aFreiburg ;$aBasel ;$aWien :$bHerder,$c2013. 300 $a408 p. ;$c22 cm 490 1 $aQuaestiones disputatae ;$v252 650 4$aUrbanizzazione$xAspetti religiosi.$0(OLS)http://pul/subject/41034 700 1 $aWenzel, Knut.$0(OLS)http://pul/name/69860 700 1 $aSievernich, Michael.$0(OLS)http://pul/name/65689 700 1 $aJohn, Ottmar,$c1953-$0(OLS)http://pul/name/76676 830 0$aQuaestiones disputatae ;$v252.$0(OLS)http://pul/title/4920 850 $aPUL 852 $aPUL$W1$xSL Religione 2$y84$mTheol A6 252$j162717$qStampati Altre Collocazioni$B162358$CPULBib$Z2$F162358 $H125135 $82 941 1 $a10 996 $6020$a978-3-451-02252-4$9(OLS)http://pul/number/156568 996 $6245$aAufbruch in die Urbanität :$bTheologische Reflexionen kirchlichen Handelns in der Stadt$9(OLS)http://pul/title/178343 996 $6260$aFreiburg ;$aBasel ;$aWien :$bHerder$9(OLS)http://pul/publisher/48104